日本の歴代天皇 - Statistics

General Stats
  • This quiz has been taken 237 times
  • The average score is 59 of 129
Answer Stats
Hint Answer % Correct
初代 神武天皇
86%
38代 天智天皇
79%
33代 推古天皇
78%
40代 天武天皇
77%
45代 聖武天皇
74%
41代 持統天皇
72%
60代 醍醐天皇
72%
50代 桓武天皇
70%
66代 一条天皇
69%
35代 皇極天皇
65%
72代 白河天皇
65%
7代 孝霊天皇
64%
37代 斉明天皇
64%
71代 後三条天皇
64%
67代 三条天皇
63%
77代 後白河天皇
63%
122代 明治天皇
63%
123代 大正天皇
63%
124代 昭和天皇
63%
3代 安寧天皇
62%
42代 文武天皇
62%
74代 鳥羽天皇
62%
82代 後鳥羽天皇
62%
96代 後醍醐天皇
62%
62代 村上天皇
60%
2代 綏靖天皇
58%
16代 仁徳天皇
58%
36代 孝徳天皇
58%
43代 元明天皇
58%
46代 孝謙天皇
58%
26代 継体天皇
57%
32代 崇峻天皇
57%
21代 雄略天皇
56%
51代 平城天皇
54%
68代 後一条天皇
54%
81代 安徳天皇
54%
52代 嵯峨天皇
53%
78代 二条天皇
53%
4代 懿徳天皇
52%
44代 元正天皇
52%
47代 淳仁天皇
52%
56代 清和天皇
52%
61代 朱雀天皇
52%
8代 孝元天皇
51%
59代 宇多天皇
51%
29代 欽明天皇
49%
31代 用明天皇
49%
34代 舒明天皇
49%
39代 弘文天皇
49%
73代 堀河天皇
49%
121代 孝明天皇
49%
63代 冷泉天皇
48%
70代 後冷泉天皇
48%
75代 崇徳天皇
48%
10代 崇神天皇
47%
65代 花山天皇
47%
87代 四条天皇
47%
5代 孝昭天皇
46%
6代 孝安天皇
46%
48代 称徳天皇
46%
69代 後朱雀天皇
46%
9代 開化天皇
44%
15代 応神天皇
44%
49代 光仁天皇
44%
58代 光孝天皇
44%
79代 六条天皇
44%
83代 土御門天皇
43%
97代 後村上天皇
43%
115代 桜町天皇
43%
117代 後桜町天皇
43%
30代 敏達天皇
42%
55代 文徳天皇
42%
88代 後嵯峨天皇
42%
94代 後二条天皇
42%
25代 武烈天皇
41%
27代 安閑天皇
41%
86代 後堀河天皇
41%
28代 宣化天皇
40%
57代 陽成天皇
40%
64代 円融天皇
40%
90代 亀山天皇
40%
95代 花園天皇
38%
100代 後小松天皇
38%
106代 正親町天皇
38%
11代 垂仁天皇
37%
53代 淳和天皇
37%
80代 高倉天皇
37%
89代 後深草天皇
37%
北2代 光明天皇
37%
23代 顕宗天皇
36%
99代 後亀山天皇
36%
北1代 光厳天皇
36%
12代 景行天皇
35%
19代 允恭天皇
35%
22代 清寧天皇
35%
24代 仁賢天皇
35%
76代 近衛天皇
35%
14代 仲哀天皇
33%
17代 履中天皇
33%
18代 反正天皇
33%
20代 安康天皇
33%
84代 順徳天皇
33%
103代 後土御門天皇
33%
107代 後陽成天皇
33%
108代 後水尾天皇
33%
118代 後桃園天皇
33%
91代 後宇多天皇
32%
93代 後伏見天皇
32%
92代 伏見天皇
32%
13代 成務天皇
31%
102代 後花園天皇
31%
北4代 後光厳天皇
30%
109代 明正天皇
30%
54代 仁明天皇
28%
105代 後奈良天皇
28%
85代 仲恭天皇
27%
113代 東山天皇
27%
北5代 後円融天皇
25%
104代 後柏原天皇
25%
111代 後西天皇
25%
98代 長慶天皇
23%
112代 霊元天皇
23%
114代 中御門天皇
23%
119代 光格天皇
23%
北3代 崇光天皇
22%
110代 後光明天皇
22%
120代 仁孝天皇
20%
101代 称光天皇
17%
116代 桃園天皇
16%
No matching quizzes found
Score Distribution
Percent of People with Each Score
Percentile by Number Answered
Your Score History
You have not taken this quiz